[Event "Stay Safe Play From Home 231"]
[Site "Emanuel Lasker Arena"]
[Date "2020.06.16"]
[Round "1"]
[White "Weltszmerc"]
[Black "Souchov"]
[Result "1-0"]
[WhiteElo "2120"]
[BlackElo "1780"]
[Annotator "TA"]
[PlyCount "71"]
[EventDate "2020.06.16"]
[EventType "swiss (blitz)"]

{[%evp 12,71,24,25,28,40,33,10,23,-64,2,-310,-35,-45,24,8,5,12,83,50,50,52,53,59,61,71,91,49,52,47,47,51,118,120,149,146,114,47,200,189,283,277,241,244,222,226,226,210,772,745,970,959,1159,1159,1159,1156,1127,1115,1072,1017,945,886]} 1. d4 Nf6 2. c4 g6 3. Nc3 Bg7 4. e4 d6 5. Nge2 O-O 6. f3 Nbd7 7. Be3 a6 {E81: King's Indian: Sämisch: 6th move deviations (including 6 Be3 c6).} 8. Qd2 b5 {now scores much better than the old 8...c5.} 9. g4 {[#]} bxc4 $146 {The position is equal.} ({Predecessor:} 9... b4 10. Nd5 Nxd5 11. cxd5 e6 12. dxe6 fxe6 13. Nf4 Qe7 14. O-O-O a5 15. Kb1 a4 {½-½ (36) Sabaev,S (2403)-Nekhaev,A (2514) ICCF email 2016}) 10. Bh6 (10. O-O-O $11) 10... e5 (10... Bxh6 $1 $15 11. Qxh6 Rb8) 11. d5 $2 {[%mdl 8192] [#]} (11. Bxg7 $11 {and White is okay.} Kxg7 12. Ng3) 11... Nc5 $2 ({Black should try} 11... Nxe4 $1 $19 {[%mdl 512]} 12. Nxe4 Qh4+ {[%mdl 64] Double Attack} 13. Kd1 Bxh6) 12. Ng3 {[#]} Nd3+ $1 {[%mdl 512]} 13. Bxd3 $11 cxd3 14. h4 Ne8 (14... Nd7 $11) 15. Bxg7 Nxg7 16. h5 Qf6 17. Qxd3 Qf4 18. Nce2 Qg5 19. Qd2 Qxd2+ 20. Kxd2 Rb8 21. b3 f5 {[#]} (21... a5 $14) 22. hxg6 $1 $16 hxg6 {[#]} 23. gxf5 $1 gxf5 24. Nh5 (24. Rag1 $16) 24... Nxh5 $2 (24... Ne8 $1 $14) 25. Rxh5 $18 fxe4 (25... Rf7 $142 26. Rah1 f4 27. Rh8+ Kg7 28. R1h7+ Kf6 29. Rh6+ Kg7) 26. Rg1+ ({But not} 26. fxe4 $6 Rf7 $18) 26... Kf7 27. Rh7+ ({Much less strong is} 27. fxe4 Ke8) 27... Ke8 28. fxe4 Rf7 29. Rg8+ Ke7 $2 (29... Rf8 30. Rxf8+ Kxf8 31. Rxc7 Ke8) 30. Rhh8 {White is clearly winning.} Rb4 31. Rxc8 Rxe4 32. Rxc7+ Kf6 33. Rh6+ Kg7 34. Rxf7+ Kxf7 35. Rxd6 a5 36. Ra6 {Accuracy: White = 67%, Black = 38%.} 1-0

[Event "Stay Safe Play From Home 231"]
[Site "Emanuel Lasker Arena"]
[Date "2020.06.16"]
[Round "1"]
[White "Lazieri3"]
[Black "Klasman"]
[Result "1-0"]
[WhiteElo "2024"]
[BlackElo "1620"]
[Annotator "TA"]
[PlyCount "45"]
[EventDate "2020.06.16"]
[EventType "swiss (blitz)"]

{[%evp 9,45,81,81,81,78,45,43,38,114,77,78,28,53,52,56,51,55,7,19,0,7,-658,25,0,0,0,93,97,539,159,1268,1262,1501,1466,1385,1109,1062,1045]} 1. e4 f5 2. exf5 Nf6 3. Nf3 d5 4. d4 Bxf5 5. Bd3 Bxd3 6. Qxd3 {B00: Queen's Fianchetto Defence, Nimzowitsch Defence.} Nc6 7. c3 Qd7 {[#]} 8. Bf4 $146 {White is slightly better.} ({Predecessor:} 8. O-O O-O-O 9. Bf4 Qg4 10. Be5 Nh5 11. Qe3 h6 12. h3 Qe4 13. Re1 Qxe3 14. Rxe3 {½-½ (34) Idjeri,Y (1769)-Metali,N (1851) Algier 2016}) 8... h6 (8... Nh5 $14 9. Be5 e6) 9. Nbd2 O-O-O 10. O-O-O g5 11. Ne5 Nxe5 12. Bxe5 g4 13. Qg3 h5 14. Rde1 h4 15. Qf4 $2 {[%mdl 8192] [#]} (15. Qe3 $11) 15... Nh5 $2 ({Black should play} 15... Bh6 $19 16. Bxc7 Bxf4 17. Bxf4 Rdf8) 16. Qg5 $36 {[%mdl 2048] White has some pressure.} Bh6 17. Qxh4 Bxd2+ (17... Rh7 $11) 18. Kxd2 $16 Qf5 $2 {[%mdl 8192]} (18... Nf6 $16 {is tougher.} 19. Qg3 Kb8) 19. Qxe7 $2 (19. Bxh8 $18 {and the rest is easy.} Rxh8 20. Re5) 19... Qxf2+ $2 (19... Rh7 $16 20. Qc5 Kb8) 20. Re2 $18 {White is clearly winning.} Qxe2+ 21. Kxe2 {[%csl Ge5][%cal Re7c7] [#]} Rd7 22. Qxd7+ ({Not} 22. Bxh8 Rxe7+ 23. Be5 Nf4+ 24. Kf2 Nd3+ {[%mdl 64] Double Attack} 25. Kg3 Kd7 $16) 22... Kxd7 23. Bxh8 {Accuracy: White = 28%, Black = 34%.} 1-0

[Event "Stay Safe Play From Home 231"]
[Site "Emanuel Lasker Arena"]
[Date "2020.06.16"]
[Round "1"]
[White "Don59as"]
[Black "Fortesfortunaadiuvat"]
[Result "1/2-1/2"]
[WhiteElo "1978"]
[BlackElo "1389"]
[Annotator "NA"]
[PlyCount "68"]
[EventDate "2020.06.16"]
[EventType "swiss (blitz)"]

1. c4 {[%emt 0:00:02]} e5 {[%emt 0:00:02]} 2. Nc3 {[%emt 0:00:01]} c5 {[%emt 0:00:01]} 3. g3 {[%emt 0:00:01]} Nc6 {[%emt 0:00:01]} 4. Bg2 {[%emt 0:00:01]} Nf6 {[%emt 0:00:02]} 5. e3 {[%emt 0:00:01]} d6 {[%emt 0:00:02]} 6. Nge2 {[%emt 0:00:01]} g6 {[%emt 0:00:02]} 7. O-O {[%emt 0:00:01]} Bg7 {[%emt 0:00:01]} 8. b3 {[%emt 0:00:00]} O-O {[%emt 0:00:02]} 9. Bb2 {[%emt 0:00:01]} Be6 {[%emt 0:00:02]} 10. Nd5 {[%emt 0:00:01]} Bd7 {[%emt 0:00:07]} 11. d4 {[%emt 0:00:01]} Nxd5 {[%emt 0:00:01]} 12. cxd5 {[%emt 0:00:01]} Ne7 {[%emt 0:00:02]} 13. dxe5 {[%emt 0:00:03]} Bxe5 {[%emt 0:00:08]} 14. Bxe5 {[%emt 0:00:02]} dxe5 {[%emt 0:00:01]} 15. Rc1 {[%emt 0:00:01]} Bb5 {[%emt 0:00:05]} 16. Re1 {[%emt 0:00:06]} f5 {[%emt 0:00:04]} 17. Rxc5 {[%emt 0:00:02]} Ba6 {[%emt 0:00:04]} 18. d6 {[%emt 0:00:03]} Nc6 {[%emt 0:00:03]} 19. Bxc6 {[%emt 0:00:04]} bxc6 {[%emt 0:00:02]} 20. Rxc6 {[%emt 0:00:01]} Bb7 {[%emt 0:00:02]} 21. Rc7 {[%emt 0:00:12]} Rb8 {[%emt 0:00:03]} 22. Qd3 {[%emt 0:00:11]} Rf6 {[%emt 0:00:02]} 23. Rxb7 {[%emt 0:00:04]} Rxb7 {[%emt 0:00:03]} 24. Qd5+ {[%emt 0:00:01]} Rbf7 {[%emt 0:00:06]} 25. Nc3 {[%emt 0:00:01]} Rxd6 {[%emt 0:00:02]} 26. Qxe5 {[%emt 0:00:01]} Rd3 {[%emt 0:00:07]} 27. Rc1 {[%emt 0:00:21]} Rc7 {[%emt 0:00:03]} 28. Qe6+ {[%emt 0:00:07]} Kg7 {[%emt 0:00:05]} 29. Qe5+ {[%emt 0:00:03]} Kh6 {[%emt 0:00:03]} 30. h4 {[%emt 0:00:04]} Qc8 {[%emt 0:00:08]} 31. Qf4+ {[%emt 0:00:08]} Kg7 {[%emt 0:00:02]} 32. Qe5+ {[%emt 0:00:01]} Kh6 {[%emt 0:00:01]} 33. Qf4+ {[%emt 0:00:08]} Kg7 {[%emt 0:00:01]} 34. Qe5+ {[%emt 0:00:13]} Kh6 {[%emt 0:00:02] (Lag: Av=0.45s, max=0.9s)} 1/2-1/2

[Event "Stay Safe Play From Home 231"]
[Site "Emanuel Lasker Arena"]
[Date "2020.06.16"]
[Round "1"]
[White "Tunca"]
[Black "Position"]
[Result "0-1"]
[WhiteElo "1789"]
[BlackElo "2153"]
[Annotator "TA"]
[PlyCount "66"]
[EventDate "2020.06.16"]
[EventType "swiss (blitz)"]

{[%evp 23,66,23,28,17,0,-14,-18,-14,0,-12,-2,-15,-16,-21,-15,-50,-57,-50,-43,-35,-41,-62,-16,-23,-14,-14,-14,-14,-11,-14,0,0,0,0,0,-83,-75,-29986,-29987,-29992,-23,-482,16,-288,-269]} 1. e4 c5 2. Nf3 d6 3. d4 cxd4 4. Nxd4 a6 5. Nc3 Nf6 6. Be2 e6 7. O-O Be7 8. Be3 O-O 9. f4 Qc7 10. Bf3 Bd7 11. Qe1 Nc6 12. Kh1 Rac8 13. Qg3 {B85: Sicilian Scheveningen: 6 Be2 a6, lines with early Be3.} b5 14. Nxc6 Bxc6 15. a3 {The position is equal.} Rfd8 16. Rad1 {[#]} d5 $146 {[%cal Rf6e4]} ({Predecessor:} 16... Qb7 17. Bd4 b4 18. axb4 Qxb4 19. Rd3 Bb5 20. Nxb5 Qxb5 21. Bc3 a5 22. Rfd1 Ne8 {1-0 (39) Ciganikova,A (2105)-Havlickova,B Ziar nad Hronom 1996}) 17. e5 Ne4 18. Bxe4 dxe4 19. Qg4 g6 20. Qe2 Bb7 21. Rxd8+ Rxd8 22. Rd1 Rxd1+ (22... Rc8 {is more complex.} 23. Bd4 Qc6 24. Rc1 Rd8 25. Qe3 a5) 23. Nxd1 Bd5 24. Qd2 a5 25. Nc3 Bc6 26. Qd4 b4 27. axb4 ({Reject} 27. Nxe4 bxa3 28. bxa3 Qb7 $17) 27... axb4 28. Nxe4 Qa5 29. h3 (29. Nf6+ $11 {remains equal.} Kg7 30. Qc4) 29... Qa8 $36 {[%mdl 2048] White is under strong pressure.} 30. Nd6 $2 {[%mdl 8192] [#]} (30. Nf6+ $17 Bxf6 31. exf6) 30... Bxg2+ {[%mdl 64] Double Attack} 31. Kh2 Bd5 $2 (31... Qf3 {mates} 32. Nf5 gxf5 33. Kg1 Qf1+ 34. Kh2 Qh1+ 35. Kg3 Bxh3 36. Qd8+ Bxd8 37. Kf2 Qf1+ 38. Kg3 Qg2#) 32. Qc5 $2 {[%mdl 8192]} ({But not} 32. Qxb4 $2 Qa1 $19) (32. Qa7 $1 $11 Qxa7 33. Bxa7) 32... Qc6 $2 (32... Qa1 $19 {( -> ...Qh1+)} 33. Bg1 Qxb2) 33. Qxb4 $2 {[%mdl 8192]} (33. Qxc6 $11 {and White has nothing to worry.} Bxc6 34. Bc5) 33... Qxc2+ {Accuracy: White = 51%, Black = 65%.} 0-1

[Event "Stay Safe Play From Home 231"]
[Site "Emanuel Lasker Arena"]
[Date "2020.06.16"]
[Round "1"]
[White "Timbre"]
[Black "Haxhi Baha"]
[Result "0-1"]
[WhiteElo "1650"]
[BlackElo "2035"]
[Annotator "TA"]
[PlyCount "87"]
[EventDate "2020.06.16"]
[EventType "swiss (blitz)"]

{[%evp 9,87,-17,0,-12,0,-12,2,-10,-4,-6,-8,-8,-2,-8,-8,-10,0,0,17,-16,0,-26,0,0,7,9,13,0,10,0,0,0,0,-24,-15,-31,-14,-16,-18,-12,0,0,0,-8,0,0,0,-45,-49,-223,-229,-509,-233,-370,-351,-343,-359,-632,-451,-938,-946,-938,-910,-902,-536,-945,-937,-933,-908,-896,-878,-1888,-1865,-29964,-7125,-6207,-5381,-29990,-29989,-29989]} 1. d4 d5 2. Nf3 Bf5 3. c3 e6 4. Bf4 Bd6 5. Bg3 {[#]} Qe7 $146 ({Predecessor:} 5... Nf6 6. e3 Ne4 7. Nbd2 Nxg3 8. hxg3 h6 9. Qe2 c6 10. e4 Bh7 11. Qe3 Qb6 {0-1 (47) Bryzgalin,K (2424)-Morozevich,A (2683) Sochi 2016}) 6. e3 {D02: 1 d4 d5 2 Nf3 sidelines, including 2...Nf6 3 g3 and 2...Nf6 3 Bf4.} Nd7 7. Bd3 c6 8. Qc2 {The position is equal.} Bxd3 9. Qxd3 Ngf6 10. Nbd2 O-O 11. e4 {aiming for Bxd6.} dxe4 12. Nxe4 Nxe4 13. Qxe4 Nf6 14. Qc2 c5 15. dxc5 Bxc5 16. O-O Nd5 17. Rad1 Rac8 18. a3 {Hoping for c4.} a5 19. Qb3 h6 20. Rfe1 Rfd8 21. Qa2 b5 22. Qa1 b4 23. axb4 axb4 24. c4 Nb6 25. b3 Ra8 26. Qe5 Rxd1 27. Rxd1 Ra3 28. Bh4 f6 29. Qb8+ $2 {[#] Loses the game.} (29. Qb2 $15) 29... Kh7 $1 $19 30. Bg3 $2 (30. Qf4 {is a better defense.} Rxb3 31. Qe4+ Kg8 32. Ne5) 30... Rxb3 (30... e5 $142 31. Bxe5 fxe5 32. Qxe5 Rxb3) 31. Qf4 (31. h4 $142) 31... Rc3 32. Qe4+ f5 33. Qc6 $2 (33. Qe1) 33... Rxc4 {Strongly threatening ...Bxf2+!} 34. Ne5 {[#]} (34. Kf1 $142) 34... Bxf2+ $1 {[%mdl 512]} 35. Bxf2 (35. Kxf2 Rxc6) 35... Rxc6 36. Nxc6 Qf8 37. Nd4 Qd6 38. Re1 Qd5 39. Nxe6 Nc4 40. Nf4 Qd2 41. Nh3 b3 {[%cal Bb4b3,Bb3b2][%mdl 32]} 42. Rf1 b2 43. Be1 Qc1 44. Bb4 {Accuracy: White = 41%, Black = 82%.} 0-1

[Event "Stay Safe Play From Home 231"]
[Site "Emanuel Lasker Arena"]
[Date "2020.06.16"]
[Round "1"]
[White "Anant123"]
[Black "Haris kollari 13"]
[Result "0-1"]
[WhiteElo "1520"]
[BlackElo "2021"]
[Annotator "NA"]
[PlyCount "53"]
[EventDate "2020.06.16"]
[EventType "swiss (blitz)"]

1. e4 {[%emt 0:00:01]} e6 {[%emt 0:00:01]} 2. d4 {[%emt 0:00:04]} d5 {[%emt 0:00:01]} 3. e5 {[%emt 0:00:00]} c5 {[%emt 0:00:01]} 4. Nf3 {[%emt 0:00:01]} Nc6 {[%emt 0:00:01]} 5. Bd3 {[%emt 0:00:01]} cxd4 {[%emt 0:00:02]} 6. a3 {[%emt 0:00:01]} a6 {[%emt 0:00:01]} 7. O-O {[%emt 0:00:02]} Bd7 {[%emt 0:00:01]} 8. Bf4 {[%emt 0:00:02]} Qc7 {[%emt 0:00:01]} 9. Re1 {[%emt 0:00:01]} Nge7 {[%emt 0:00:02]} 10. Nbd2 {[%emt 0:00:01]} Ng6 {[%emt 0:00:01]} 11. Bg3 {[%emt 0:00:01]} Be7 {[%emt 0:00:02]} 12. Nf1 {[%emt 0:00:19]} b5 {[%emt 0:00:06]} 13. h3 {[%emt 0:00:05]} Rc8 {[%emt 0:00:01]} 14. Bh2 {[%emt 0:00:02]} Bc5 {[%emt 0:00:03]} 15. Ng3 {[%emt 0:00:11]} Ba7 {[%emt 0:00:02]} 16. Qd2 {[%emt 0:00:02]} O-O {[%emt 0:00:06] Anant123 reconnected.} 17. Nh5 {[%emt 0:00:01]} Qd8 {[%emt 0:00:05]} 18. Bf4 {[%emt 0:00:11]} Nxf4 {[%emt 0:00:05]} 19. Qxf4 {[%emt 0:00:00]} Ne7 {[%emt 0:00:02] Anant123 reconnected. Anant123 reconnected. Anant123 reconnected. Anant123 reconnected.} 20. Ng5 {[%emt 0:00:21]} Ng6 {[%emt 0:00:09]} 21. Bxg6 {[%emt 0:00:07]} fxg6 {[%emt 0:00:01]} 22. Qh4 {[%emt 0:00:12]} gxh5 {[%emt 0:00:01]} 23. Qxh5 {[%emt 0:00:02]} h6 {[%emt 0:00:02] Anant123 reconnected.} 24. Nf3 {[%emt 0:00:01]} Rxc2 {[%emt 0:00:02]} 25. Nh4 {[%emt 0:00:02]} d3 {[%emt 0:00:09]} 26. Rad1 {[%emt 0:00:17]} Bxf2+ {[%emt 0:00:03]} 27. Kf1 {[%emt 0:00:03] Anant123 resigns (Lag: Av=0.94s, max=7.9s)} 0-1

[Event "Stay Safe Play From Home 231"]
[Site "Emanuel Lasker Arena"]
[Date "2020.06.16"]
[Round "1"]
[White "Justwatch"]
[Black "Lucknow"]
[Result "0-1"]
[WhiteElo "1296"]
[BlackElo "1804"]
[Annotator "NA RC"]
[PlyCount "47"]
[EventDate "2020.06.16"]
[EventType "swiss (blitz)"]

1. e4 {[%emt 0:00:02]} c5 {[%emt 0:00:02]} 2. Nf3 {[%emt 0:00:12]} d6 {[%emt 0:00:05]} 3. Nc3 {[%emt 0:00:00]} Nf6 {[%emt 0:00:02]} 4. Bb5+ {[%emt 0:01:15]} Bd7 {[%emt 0:00:03]} 5. Bxd7+ {[%emt 0:00:00]} Qxd7 {[%emt 0:00:00]} 6. d3 {[%emt 0:00:03]} e6 {[%emt 0:00:01]} 7. Bg5 {[%emt 0:00:00]} Be7 {[%emt 0:00:01]} 8. h3 {[%emt 0:00:00]} Nc6 {[%emt 0:00:01]} 9. O-O {[%emt 0:00:00]} O-O {[%emt 0:00:01]} 10. Bxf6 {[%emt 0:00:00]} Bxf6 {[%emt 0:00:01]} 11. Rb1 {[%emt 0:00:00]} a6 {[%emt 0:00:02]} 12. Ne2 {[%emt 0:00:01]} b5 {[%emt 0:00:01]} 13. Ng3 {[%emt 0:00:00]} Nd4 {[%emt 0:00:03]} 14. Nxd4 {[%emt 0:00:02]} Bxd4 {[%emt 0:00:01]} 15. Nh5 {[%emt 0:00:00]} g6 {[%emt 0:00:07]} 16. Nf4 {[%emt 0:00:03]} Rac8 {[%emt 0:00:12]} 17. c3 {[%emt 0:00:03]} Bg7 {[%emt 0:00:01]} 18. Ne2 {[%emt 0:00:02]} d5 {[%emt 0:00:02]} 19. f3 {[%emt 0:00:02]} Rfd8 {[%emt 0:00:06]} 20. Ng3 {[%emt 0:00:25]} Qc7 {[%emt 0:00:10]} 21. Kf2 {[%emt 0:00:12]} dxe4 {[%emt 0:00:17]} 22. fxe4 {[%emt 0:00:00]} Qf4+ {[%emt 0:00:26]} 23. Qf3 {[%emt 0:00:04]} Qxf3+ {[%emt 0:00:05]} 24. gxf3 {[%emt 0:00:00] Justwatch terk eder (Lag: Av=0.51s, max=0.8s)} 0-1

[Event "Stay Safe Play From Home 231"]
[Site "Emanuel Lasker Arena"]
[Date "2020.06.16"]
[Round "2"]
[White "Position"]
[Black "Lazieri3"]
[Result "0-1"]
[WhiteElo "2157"]
[BlackElo "2027"]
[Annotator "TA"]
[PlyCount "64"]
[EventDate "2020.06.16"]
[EventType "swiss (blitz)"]

{[%evp 9,64,0,0,-18,-18,-19,-14,-17,1,0,7,-12,-6,-12,-9,-4,-4,-8,-8,-13,-12,-12,29,-49,-37,-36,-23,-39,-28,-35,-23,-85,-35,-58,-21,-35,0,-14,0,0,0,0,0,-14,-14,-14,-14,-350,0,-25,-15,-583,-495,-1639,253,-1454,-1408]} 1. e4 c6 2. Nf3 d5 3. exd5 cxd5 4. d4 Nc6 5. h3 Bf5 6. Bd3 {B13: Caro-Kann: Exchange Variation and Panov-Botvinnik Attack.} Bxd3 7. Qxd3 e6 8. O-O {The position is equal.} Nf6 9. c3 {[#]} h6 $146 ({Predecessor:} 9... Bd6 10. Bg5 h6 11. Bh4 a6 12. Nbd2 {½-½ (12) Drazic,S (2408)-Sredojevic,I (2428) Novi Sad 2016}) 10. Re1 Bd6 11. Nbd2 O-O 12. Ne5 Qc7 {[%cal Rc6e5]} 13. Ndf3 Ne4 {[%cal Rd6e5]} 14. Nxc6 bxc6 15. Be3 c5 16. Nd2 (16. c4 $11) 16... Nxd2 17. Qxd2 cxd4 18. cxd4 Qb6 {Strongly threatening ...Bb4.} 19. Qe2 Rac8 20. Qg4 (20. Rec1 $11) 20... Kh8 (20... f5 {keeps more tension.} 21. Qe2 f4 22. Bd2 Rf6 23. Rec1 Rxc1+ 24. Rxc1 f3) 21. b3 Rc2 22. Qh5 Qc7 23. Rac1 (23. Bxh6 {looks sharper.} gxh6 24. Qxh6+ Kg8 25. Qg5+ Kh7 26. Qh4+) 23... Rxc1 24. Rxc1 Qd7 25. Rc3 f5 26. f4 Rc8 27. Rxc8+ Qxc8 28. Qf7 $2 {[%mdl 8192] [#]} (28. g3 $11 {and White has nothing to worry.}) 28... a5 $2 (28... Qc3 $1 $19 {[%cal Rc3e3]} 29. Kf2 Qc2+ {[%mdl 64] Double Attack} 30. Kg3 Qe4) 29. Qh5 Qc3 30. Qe8+ $2 {[%mdl 8192]} (30. Qe2 $11 {and White stays safe.}) 30... Kh7 $19 31. Qxe6 (31. Kf2 $142 Qc2+ {[%mdl 64] Double Attack} 32. Kf1) 31... Qe1+ 32. Kh2 {[#]} Bxf4+ $1 {[%mdl 576] Pin. Accuracy: White = 60%, Black = 81%.} 0-1

[Event "Stay Safe Play From Home 231"]
[Site "Emanuel Lasker Arena"]
[Date "2020.06.16"]
[Round "2"]
[White "Haxhi Baha"]
[Black "Don59as"]
[Result "1-0"]
[WhiteElo "2038"]
[BlackElo "1962"]
[Annotator "NA"]
[PlyCount "95"]
[EventDate "2020.06.16"]
[EventType "swiss (blitz)"]

1. e4 {[%emt 0:00:01]} e5 {[%emt 0:00:03]} 2. Nf3 {[%emt 0:00:04]} Nc6 {[%emt 0:00:02]} 3. d4 {[%emt 0:00:01]} exd4 {[%emt 0:00:01]} 4. c3 {[%emt 0:00:00]} dxc3 {[%emt 0:00:01]} 5. Bc4 {[%emt 0:00:01]} cxb2 {[%emt 0:00:01]} 6. Bxb2 {[%emt 0:00:00]} Bb4+ {[%emt 0:00:01]} 7. Kf1 {[%emt 0:00:05]} Nf6 {[%emt 0:00:04]} 8. e5 {[%emt 0:00:00]} Ng4 {[%emt 0:00:13]} 9. h3 {[%emt 0:00:14]} Nh6 {[%emt 0:00:06]} 10. g4 {[%emt 0:00:20]} O-O {[%emt 0:00:08]} 11. Qd3 {[%emt 0:00:06]} d5 {[%emt 0:00:05]} 12. Qxd5 {[%emt 0:00:19]} Be6 {[%emt 0:00:03]} 13. Qe4 {[%emt 0:00:01]} Qe7 {[%emt 0:00:39]} 14. Kg2 {[%emt 0:00:10]} Rad8 {[%emt 0:00:10]} 15. Nc3 {[%emt 0:00:10]} Bxc3 {[%emt 0:00:06]} 16. Bxc3 {[%emt 0:00:01]} Bxc4 {[%emt 0:00:01]} 17. Qxc4 {[%emt 0:00:00]} Qe6 {[%emt 0:00:05]} 18. Qxe6 {[%emt 0:00:21]} fxe6 {[%emt 0:00:01]} 19. Ng5 {[%emt 0:00:01]} Rfe8 {[%emt 0:00:14]} 20. Rhd1 {[%emt 0:00:01]} Nf7 {[%emt 0:00:04]} 21. Rxd8 {[%emt 0:00:13]} Ncxd8 {[%emt 0:00:03]} 22. Nxf7 {[%emt 0:00:07]} Nxf7 {[%emt 0:00:06]} 23. Rd1 {[%emt 0:00:10]} Rd8 {[%emt 0:00:01]} 24. Rxd8+ {[%emt 0:00:02]} Nxd8 {[%emt 0:00:01]} 25. f4 {[%emt 0:00:00]} g6 {[%emt 0:00:04]} 26. Kf3 {[%emt 0:00:00]} c5 {[%emt 0:00:10]} 27. Ke4 {[%emt 0:00:03]} Kf7 {[%emt 0:00:01]} 28. f5 {[%emt 0:00:00]} gxf5+ {[%emt 0:00:03]} 29. gxf5 {[%emt 0:00:00]} exf5+ {[%emt 0:00:01]} 30. Kxf5 {[%emt 0:00:00]} Ne6 {[%emt 0:00:02]} 31. h4 {[%emt 0:00:00]} b5 {[%emt 0:00:01]} 32. Ke4 {[%emt 0:00:08]} Ke7 {[%emt 0:00:16]} 33. Kd5 {[%emt 0:00:01]} Kd7 {[%emt 0:00:01]} 34. Bd2 {[%emt 0:00:05]} b4 {[%emt 0:00:02]} 35. Be3 {[%emt 0:00:02]} a5 {[%emt 0:00:20]} 36. Bxc5 {[%emt 0:00:04]} Nc7+ {[%emt 0:00:09]} 37. Kc4 {[%emt 0:00:09]} Kc6 {[%emt 0:00:04]} 38. h5 {[%emt 0:00:17]} Ne6 {[%emt 0:00:08]} 39. Bd6 {[%emt 0:00:01]} Nf4 {[%emt 0:00:13]} 40. h6 {[%emt 0:00:01]} Ne6 {[%emt 0:00:03]} 41. Be7 {[%emt 0:00:10]} Nc7 {[%emt 0:00:09]} 42. Bd8 {[%emt 0:00:08]} Ne6 {[%emt 0:00:16]} 43. Bxa5 {[%emt 0:00:01]} b3 {[%emt 0:00:01]} 44. axb3 {[%emt 0:00:01]} Nf4 {[%emt 0:00:02]} 45. Bc3 {[%emt 0:00:09]} Nh3 {[%emt 0:00:00]} 46. Bd2 {[%emt 0:00:04]} Kd7 {[%emt 0:00:02]} 47. Be3 {[%emt 0:00:01]} Nf2 {[%emt 0:00:00]} 48. Bxf2 {[%emt 0:00:01] Don59as resigns (Lag: Av=0.78s, max=1.1s)} 1-0

[Event "Stay Safe Play From Home 231"]
[Site "Emanuel Lasker Arena"]
[Date "2020.06.16"]
[Round "2"]
[White "Haris kollari 13"]
[Black "Weltszmerc"]
[Result "0-1"]
[WhiteElo "2022"]
[BlackElo "2125"]
[Annotator "NA"]
[PlyCount "106"]
[EventDate "2020.06.16"]
[EventType "swiss (blitz)"]

1. e4 {[%emt 0:00:01]} Nf6 {[%emt 0:00:01]} 2. e5 {[%emt 0:00:02]} Nd5 {[%emt 0:00:01]} 3. c4 {[%emt 0:00:01]} Nb6 {[%emt 0:00:01]} 4. d4 {[%emt 0:00:01]} d6 {[%emt 0:00:01]} 5. f4 {[%emt 0:00:01]} dxe5 {[%emt 0:00:01]} 6. fxe5 {[%emt 0:00:01]} Bf5 {[%emt 0:00:00]} 7. Nf3 {[%emt 0:00:01]} e6 {[%emt 0:00:01]} 8. Nc3 {[%emt 0:00:01]} Be7 {[%emt 0:00:01]} 9. Bd3 {[%emt 0:00:04]} O-O {[%emt 0:00:06]} 10. Bxf5 {[%emt 0:00:02]} exf5 {[%emt 0:00:00]} 11. O-O {[%emt 0:00:01]} Nxc4 {[%emt 0:00:01]} 12. Qd3 {[%emt 0:00:03]} Nb6 {[%emt 0:00:11]} 13. Qxf5 {[%emt 0:00:01]} Nd5 {[%emt 0:00:01]} 14. Bd2 {[%emt 0:00:07]} Nxc3 {[%emt 0:00:06]} 15. bxc3 {[%emt 0:00:02]} c5 {[%emt 0:00:04]} 16. Be3 {[%emt 0:00:04]} cxd4 {[%emt 0:00:01]} 17. cxd4 {[%emt 0:00:01]} Nc6 {[%emt 0:00:15]} 18. Rad1 {[%emt 0:00:02]} Qd5 {[%emt 0:00:02]} 19. Qc2 {[%emt 0:00:09]} Rac8 {[%emt 0:00:04]} 20. Qb2 {[%emt 0:00:07]} b6 {[%emt 0:00:02]} 21. Rc1 {[%emt 0:00:02]} f6 {[%emt 0:00:06]} 22. Rfd1 {[%emt 0:00:08]} Qe4 {[%emt 0:00:08]} 23. Qb3+ {[%emt 0:00:10]} Kh8 {[%emt 0:00:01]} 24. e6 {[%emt 0:00:04]} Na5 {[%emt 0:00:06]} 25. Qd3 {[%emt 0:00:16]} Qxe6 {[%emt 0:00:01]} 26. d5 {[%emt 0:00:04]} Qd6 {[%emt 0:00:11]} 27. Nd2 {[%emt 0:00:10]} Rxc1 {[%emt 0:00:07]} 28. Rxc1 {[%emt 0:00:01]} Rd8 {[%emt 0:00:09]} 29. Ne4 {[%emt 0:00:11]} Qxd5 {[%emt 0:00:07]} 30. Qxd5 {[%emt 0:00:01]} Rxd5 {[%emt 0:00:00]} 31. Rc7 {[%emt 0:00:04]} Bf8 {[%emt 0:00:13]} 32. Rxa7 {[%emt 0:00:14]} Nc4 {[%emt 0:00:01]} 33. Kf2 {[%emt 0:00:07]} Re5 {[%emt 0:00:06]} 34. Kf3 {[%emt 0:00:02]} f5 {[%emt 0:00:08]} 35. Ra8 {[%emt 0:00:03]} Kg8 {[%emt 0:00:20]} 36. Nd6 {[%emt 0:00:08]} Rxe3+ {[%emt 0:00:15]} 37. Kf4 {[%emt 0:00:01]} Rc3 {[%emt 0:00:04]} 38. Nxf5 {[%emt 0:00:03]} Ra3 {[%emt 0:00:16]} 39. Rb8 {[%emt 0:00:02]} Rxa2 {[%emt 0:00:04]} 40. Nd4 {[%emt 0:00:01]} Kf7 {[%emt 0:00:05]} 41. Ke4 {[%emt 0:00:03]} Bc5 {[%emt 0:00:09]} 42. Rb7+ {[%emt 0:00:08]} Kf6 {[%emt 0:00:03]} 43. Nb5 {[%emt 0:00:18]} Rb2 {[%emt 0:00:08]} 44. Nc7 {[%emt 0:00:02]} Nd6+ {[%emt 0:00:01]} 45. Kd3 {[%emt 0:00:05]} Nxb7 {[%emt 0:00:00]} 46. Kc3 {[%emt 0:00:01]} Rxg2 {[%emt 0:00:02]} 47. Nd5+ {[%emt 0:00:03]} Ke5 {[%emt 0:00:01]} 48. Nc7 {[%emt 0:00:02]} Bd4+ {[%emt 0:00:01]} 49. Kd3 {[%emt 0:00:01]} Rxh2 {[%emt 0:00:02]} 50. Nb5 {[%emt 0:00:00]} Bc5 {[%emt 0:00:02]} 51. Nc7 {[%emt 0:00:01]} Nd6 {[%emt 0:00:01]} 52. Ne6 {[%emt 0:00:08]} Rh3+ {[%emt 0:00:00]} 53. Ke2 {[%emt 0:00:02]} Kxe6 {[%emt 0:00:00] Haris kollari 13 resigns (Lag: Av=0.61s, max=1.2s)} 0-1